000 00439nam a22001697a 4500
003 MACL
005 20160729142426.0
008 160729b xxu||||| |||| 00| 0 eng d
040 _cMACL
041 _aEnglish
082 _a823 WIL
100 _aWilde, Oscar
_911490
245 _aThe Young King & Other Famous Stories
_cOscar Wilde
260 _aNew Delhi
_bKutub Publications
_c2011
650 _aStories
_965695
942 _2ddc
_cBK
999 _c55277
_d55277